000 00973nam a2200229 a 4500
008 061215s2004 ||||||||||||||||| || u
020 _a1919976027
050 _aSABONET(08)R/04/21A
100 _aPerold, S. M
245 1 2 _aA checklist of Zimbabwean bryophytes
_cby Phelex Manyanga & S. M. Perold
260 _aPretoria
_bSABONET
_c2004
300 _avi;22p.; ill.
350 _a0.00
490 _aSouthern African Botanical Diversity Network report
650 _aBOTANY--ZIMBABWE
650 _aBOTANY
650 _aCONSERVATION--ZIMBABWE
700 _aManyanga, Phelex
710 _aSABONET
995 _aSPECIAL COLLECTIONS
_D0.00
_eSABONET(08)R/04/21A
_FCBU-MAIN LIBRARY (Kitwe)
_H1
_I0.00
_jSABONET(08)R/04/21A
_M21
_UAVAILABLE
_WDec 15, 2006
_yZ03001580
_ZInternational Publications
995 _aSPECIAL COLLECTIONS
_D0.00
_eSABONET(08)R/04/21B
_FCBU-MAIN LIBRARY (Kitwe)
_H1
_I0.00
_jSABONET(08)R/04/21B
_M21
_UAVAILABLE
_WDec 15, 2006
_yZ03001581
_ZInternational Publications
999 _c78163
_d78163